000 00517nam a2200169 i 4500
001 145718
003 ES-MaACL
005 20230906201308.0
007 t|
008 071016s1971 sp ||||1| spa d
100 1 _aVecchiotti, Icilio.
_9113511
245 1 0 _aQué es verdaderamente la filosofía india /
_cI. Vecchiotti ; [traducción por Dolores Fonseca].
260 _a[Madrid] :
_bDoncel,
_c[1971]
300 _a172 p. ;
_c18 cm.
700 1 _aFonseca, Dolores.
_951518
852 _aES-MaACL
_jC-47584
_bR.80281
999 _c145718
_d145718